00504nam a2200121 a 450000100100000000500170001000800410002704000250006824501400009326000800023330000210031371000480033400003563820200930074507.0111107s1901 ag 000 0 spa d aDO-SdBNPbspacBNPHU00aCatálogo de documentos del archivo de Indias en Sevilla referentes á la historia historia de la República de Argentina 1514-1810. aBuenos Aires :bTaller tipográfico de la Penitenciaría Nacional,c1901. a640 p. ;c27 cm.1 aMinisterio de Relaciones Exteriores y Culto